Moral social: obra póstuma del Padre Alberto Hurtado, S.J

Gardado en:
Detalles Bibliográficos
Autor Principal: Hurtado Cruchaga, Alberto (Author)
Formato: Libro
Idioma:Lingua castelá
Publicado: Santiago Universidad Católica de Chile 2004
Edición:1a. ed
Series:Escritos Inéditos del Padre Hurtado, S.J., 3
Subjects:
Tags: Engadir etiqueta
Sen Etiquetas, Sexa o primeiro en etiquetar este rexistro!

MARC

LEADER 00000cam a2200000 a 4500
001 UCK5572
003 CL-VaPUC
005 20250227152803.0
008 050805e20040000CL |||||||||||||||||spa|d
999 |c 314075  |d 314073 
020 |a 9561407523 
040 |c Pontificia Universidad Católica de Valparaíso 
082 0 4 |a 248.892  |b HUR  |2 21 
100 |a Hurtado Cruchaga, Alberto  |e author  |9 858078 
245 1 0 |a Moral social: obra póstuma del Padre Alberto Hurtado, S.J 
250 |a 1a. ed 
260 |a Santiago  |b Universidad Católica de Chile  |c 2004 
300 |a 416 p 
490 0 |a Escritos Inéditos del Padre Hurtado, S.J., 3 
583 |a last modification  |c 20171031 11:00:30  |k Rodrigo Vera 
650 0 |a Meditaciones  |9 309833 
650 0 |a Vida espiritual  |9 307811 
650 0 |a Ejercicios espirituales   |9 318608 
650 7 |a RETIROS ESPIRITUALES  |2 CL-VaPUC  |9 333046 
650 0 |a Escritos  |9 255895 
650 0 |a Vida cristiana  |9 258753 
650 0 |a Teología moral   |9 256617 
650 0 |a Educación  |9 258661 
852 |a BIBCUR 
942 |c BK  |2 ddc 
945 |d 20050805 00:00:00  |a jcarroza 
952 |0 0  |1 0  |4 0  |6 248_892000000000000_HUR_2004  |7 0  |8 A  |9 385961  |a BIBEDU  |b BIBEDU  |d 2019-11-22  |i 4298462  |o 248.892 HUR 2004  |p 4298462  |r 2019-11-22  |w 2019-11-22  |y BK  |k FIL 
952 |0 0  |1 0  |4 0  |6 248_892000000000000_HUR_2004  |7 0  |8 A  |9 385962  |a BIBTEO  |b BIBTEO  |d 2019-11-22  |i 4067436  |o 248.892 HUR 2004  |p 4067436  |r 2025-01-17  |w 2019-11-22  |y BK  |k ICR 
952 |0 0  |1 0  |4 0  |6 248_892000000000000_HUR_2004  |7 0  |8 A  |9 385963  |a BIBTEO  |b BIBTEO  |d 2019-11-22  |i 407565K  |o 248.892 HUR 2004  |p 407565K  |r 2025-01-17  |w 2019-11-22  |y BK  |k ICR 
952 |0 0  |1 0  |4 0  |6 248_892000000000000_HUR_2004  |7 0  |8 A  |9 385964  |a BIBTEO  |b BIBTEO  |d 2019-11-22  |i 4122372  |o 248.892 HUR 2004  |p 4122372  |r 2025-01-17  |w 2019-11-22  |y BK  |k ICR 
952 |0 0  |1 0  |4 0  |6 248_892000000000000_HUR_2004  |7 0  |8 A  |9 385965  |a BIBHIS  |b BIBHIS  |d 2019-11-22  |i 4067444  |o 248.892 HUR 2004  |p 4067444  |r 2025-01-20  |w 2019-11-22  |y BK  |k HIS 
952 |0 0  |1 0  |4 0  |6 248_892000000000000_HUR_2004  |7 0  |8 A  |9 385966  |a BIBHIS  |b BIBHIS  |d 2019-11-22  |i 4204735  |o 248.892 HUR 2004  |p 4204735  |r 2025-01-20  |w 2019-11-22  |y BK  |k HIS 
952 |0 0  |1 0  |4 0  |6 248_892000000000000_HUR_2004  |7 0  |8 A  |9 385967  |a BIBCUR  |b BIBCUR  |d 2019-11-22  |i 4439120  |o 248.892 HUR 2004  |p 4439120  |r 2025-04-22  |w 2019-11-22  |y BK  |k PER 
952 |0 0  |1 0  |4 0  |6 248_892000000000000_HUR_2004  |7 0  |8 A  |9 385968  |a BIBING  |b BIBING  |d 2019-11-22  |i 4874706  |o 248.892 HUR 2004  |p 4874706  |r 2025-01-20  |w 2019-11-22  |y BK  |k CUI 
952 |0 0  |1 0  |3 erb  |4 0  |6 248_892000000000000_HUR_2004  |7 0  |8 A  |9 385969  |a BIBEDU  |b BIBEDU  |i 5051401  |o 248.892 HUR 2004  |p 5051401  |r 2019-11-22  |w 2019-11-22  |y BK  |z Catalogado en:20140116  |k EPE 
952 |0 0  |1 0  |3 erb  |4 0  |6 248_892000000000000_HUR_2004  |7 0  |8 A  |9 385970  |a BIBCUR  |b BIBCUR  |i 4562542  |o 248.892 HUR 2004  |p 4562542  |r 2025-04-22  |w 2019-11-22  |x jtorres  |y BK  |z Catalogado en:20160616  |k PER